000 01117nas a2200289 4500
001 BR2015004173
003 BR-BrBNA
005 20231205125541.0
007 ta
008 230509b bl.|||p| |||| 00| 00por d
040 _aBR-BrBNA
_bpor
_cBiblioteca Nacional de Agricultura
041 _a(Pt)
072 _aF02
100 1 _aSilva, J.
100 1 _aSilva, A.B.
100 1 _aTogoro, A.H.
100 1 _aTerra, L. de O.A.
111 1 _a16° Congresso Brasileiro de Floricultura e Plantas Ornamentais; 3° Congresso Brasileiro de Cultura de Tecidos de Plantas; 1° Simpósio de Plantas Ornamentais Nativas
_cGoiânia, GO (Brazil)
_d10-15 Sep 2007
245 1 _aEfeito da luz natural em meio de cultura líquido e sólido na propagação in vitro de abacaxi cv. Imperial
650 _aANANAS COMOSUS
650 _aMICROPROPAGAÇÃO
650 _aRADIAÇÃO LUMINOSA
650 _aACLIMATAÇÃO
773 0 _tRevista Brasileira de Horticultura Ornamental (Brazil)
_xISSN 1809-6093
_g(Sep 2007), v. 13(Suplemento) p. 1736
_wBR2015004173
909 _a202311
_bLúcia
_c55
_dLúcia Elande
942 _2AGRIS
_n0
_cANA
999 _c244884
_d244884